| 000 | 00934nam a2200289 a 4500 | ||
|---|---|---|---|
| 001 | 15068 | ||
| 003 | BD-RjUL | ||
| 005 | 20211208235738.0 | ||
| 008 | 140209s1988 ii b 001 0 eng d | ||
| 020 | _a8170760089 : | ||
| 035 | _a(BD-RjUL)15122 | ||
| 040 |
_aDLC _cDLC _dDLC _dBD-RjUL _beng |
||
| 041 | _aeng | ||
| 082 | 0 | 0 |
_a338.1959 _219 _bCHF 1988 |
| 100 | 1 |
_aChopra, R. N., _d1918- _946922 |
|
| 245 | 1 | 0 |
_aFood policy in India : _ba survey / _cR.N. Chopra. |
| 250 | _a1st ed. | ||
| 260 |
_aNew Delhi : _bIntellectual Pub. House : _bSole distributors, Intellectual Book Corner, _c1988. |
||
| 300 |
_axii, 414 p. ; _c26 cm. |
||
| 500 | _aRevision of: Evolution of food policy in India. | ||
| 500 | _aIncludes index. | ||
| 504 | _aBibliography: p. [409]-410. | ||
| 650 | 0 |
_aFood supply _xGovernment policy _zIndia _xHistory _y20th century. _946923 |
|
| 942 |
_2ddc _cBK |
||
| 999 |
_c15068 _d15068 |
||